|
|
|
|
| LEADER |
00000nam0a2200000 4500 |
| 001 |
258923 |
| 005 |
20231101233335.0 |
| 010 |
|
|
|a 9785811416318
|
| 035 |
|
|
|a (RuTPU)RU\TPU\book\281814
|
| 090 |
|
|
|a 258923
|
| 100 |
|
|
|a 20140429d2014 m y0rusy50 ca
|
| 101 |
0 |
|
|a rus
|
| 102 |
|
|
|a RU
|
| 105 |
|
|
|a a j 001zy
|
| 200 |
1 |
|
|a Основы корректирующего кодирования: теория и лабораторный практикум
|e учебное пособие для вузов
|f Б. В. Матвеев
|
| 205 |
|
|
|a 2-е изд., стер.
|
| 210 |
|
|
|a Санкт-Петербург
|c Лань
|d 2014
|
| 215 |
|
|
|a 192 с.
|c ил.
|e CD-ROM
|
| 320 |
|
|
|a Библиогр.: с. 189-191.
|
| 330 |
|
|
|a В учебном пособии рассматриваются вопросы основ корректирующего кодирования информации. Цель издания — способствовать успешному освоению студентами процедур и алгоритмов корректирующего кодирования через совместное размещение в нем адаптированного теоретического материала и связанных с ним конкретных заданий лабораторного практикума, выполняемого на основе ЭВМ.Издание соответствует требованиям Федерального государственного образовательного стандарта высшего профессионального образования по направлению подготовки бакалавриата, магистратуры и специалитета «Электроника, радиотехника и системы связи». Также может быть полезно специалистам, занимающимся корректирующим кодированием информации.
|
| 606 |
1 |
|
|a Кодирование помехоустойчивое
|2 stltpush
|3 (RuTPU)RU\TPU\subj\14622
|9 40985
|
| 610 |
1 |
|
|a помехи
|
| 610 |
1 |
|
|a блоковые коды
|
| 610 |
1 |
|
|a корректирующие коды
|
| 610 |
1 |
|
|a декорирование
|
| 610 |
1 |
|
|a коды Рида-Соломона
|
| 610 |
1 |
|
|a сверточные коды
|
| 610 |
1 |
|
|a каскадные коды
|
| 610 |
1 |
|
|a лабораторные работы
|
| 610 |
1 |
|
|a практикумы
|
| 610 |
1 |
|
|a учебные пособия
|
| 610 |
1 |
|
|a CD-ROM
|
| 675 |
|
|
|a 621.391.8(076.5)
|v 3
|
| 700 |
|
1 |
|a Матвеев
|b Б. В.
|g Борис Васильевич
|
| 801 |
|
1 |
|a RU
|b 63413507
|c 20140429
|
| 801 |
|
2 |
|a RU
|b 63413507
|c 20150710
|g RCR
|
| 942 |
|
|
|c BK
|
| 959 |
|
|
|a 77/20140429
|d 5
|e 729,24
|f ЧЗТЛ:1
|f АНЛ:1
|f УФ:3
|
| 959 |
|
|
|a 1/20150126
|d 5
|e 1499,96
|f ЧЗТЛ:1
|f АНЛ:1
|f УФ:3
|